000 00526cam a2200193ua 4500
001 11156
005 20260515114718.0
008 190830n ii |||gr||||Z||||||eng
020 _a8176298069
040 _cMAIN
041 _aeng
082 _a155.4
100 _aRajpal Kaur,
_eAuthor.
245 _aChild psychology :
_bNew trends and innovations /
_cBy Rajpal Kaur .
260 _aNew Delhi:
_bDeep & deep publications ,
_c2018.
300 _a355p.
653 _aDifferential & developmental psychology
942 _cBK
999 _c10009
_d10009